Państwa kończące się na literę "A" - Statystyki

Ogólne statystyki
  • Ten quiz został rozwiązany 1 118 razy
    1 077 od ostatniego zresetowania
  • Średni wynik to 55 z 101
Statystyki odpowiedzi
Państwa % Poprawnych
Polska
96%
Rosja
89%
Hiszpania
85%
Francja
82%
Portugalia
81%
Ukraina
81%
Australia
79%
Finlandia
79%
Szwecja
78%
Japonia
77%
Kanada
77%
Litwa
77%
Argentyna
76%
Austria
76%
Norwegia
76%
Brazylia
75%
Łotwa
75%
Wielka Brytania
75%
Słowacja
74%
Estonia
73%
Grecja
73%
Albania
72%
Andora
72%
Dania
71%
Holandia
71%
Islandia
70%
Słowenia
70%
Belgia
69%
Irlandia
69%
Chorwacja
67%
Rumunia
67%
Korea Południowa
66%
Korea Północna
65%
Szwajcaria
65%
Turcja
65%
Algieria
62%
Armenia
62%
Serbia
62%
Arabia Saudyjska
61%
Bułgaria
61%
Bośnia i Hercegowina
58%
Indonezja
57%
Kolumbia
56%
Mołdawia
56%
Macedonia Północna
55%
Nowa Zelandia
55%
Dominika
54%
Gruzja
54%
Czarnogóra
53%
Kuba
53%
Malta
53%
Angola
52%
Dominikana
52%
Libia
52%
Wenezuela
52%
Mongolia
51%
Nigeria
51%
Tajlandia
51%
Boliwia
50%
Gwinea
48%
Tunezja
48%
Etiopia
47%
Jamajka
47%
Malezja
47%
Kenia
46%
Panama
46%
Kostaryka
45%
Zambia
45%
Gwatemala
42%
Jordania
42%
Syria
42%
Demokratyczna Republika Konga
41%
Somalia
41%
Gwinea Równikowa
40%
Gambia
39%
Ghana
39%
Gujana
39%
Tanzania
39%
Antigua i Barbuda
38%
Kambodża
38%
Erytrea
37%
Papua Nowa-Gwinea
36%
Uganda
36%
Botswana
35%
Nikaragua
35%
Namibia
34%
Liberia
32%
Mauretania
32%
Mikronezja
32%
Mjanma
32%
Republika Środkowoafrykańska
32%
Rwanda
32%
Sri Lanka
32%
Wyspy Marshalla
32%
Grenada
30%
Republika Zielonego Przylądka
30%
Wyspy Salomona
30%
Saint Lucia
27%
Samoa
27%
Wyspy Świętego Tomasza i Książęca
26%
Tonga
24%
Nie znaleziono quizów pasujących do podanych kryteriów
Rozkład punktacji
Procent ludzi z każdym wynikiem
Percentyl według liczby udzielonych odpowiedzi
Twoja historia wyników
Nie rozwiązałeś tego quizu od ostatniego zresetowania